000 00724nas a2200265 4500
001 BR0806827
003 BR-BrBNA
005 20231205112501.0
007 ta
008 230509b bl.|||p| |||| 00| 00por d
040 _aBR-BrBNA
_bpor
_cBiblioteca Nacional de Agricultura
041 _a(Pt)
072 _aE71
100 1 _a(Anon.)
245 1 _aPecuária 2: embargo europeu e OMC
650 _aCARNE
650 _aBOVINO
650 _aEXPORTAÇÃO
650 _aCOMÉRCIO EXTERIOR
650 _aRASTREABILIDADE
650 _aINSPEÇÃO SANITÁRIA
773 0 _tAgroanalysis (Brazil)
_xISSN 0100-4298
_g(Apr 2008), v. 28(4) p. 13
_wBR0806827
909 _a202311
_bLúcia
_c55
_dLúcia Elande
942 _2AGRIS
_n0
_cANA
999 _c198298
_d198298